[Event "RUS-chT Premier League 2018"]
[Site "Sochi"]
[Date "2018.05.10"]
[Round "9"]
[White "Vdovin, Maxim"]
[Black "Oparin, Grigoriy"]
[Result "0-1"]
[WhiteElo "2139"]
[BlackElo "2584"]
[Annotator "TA"]
[PlyCount "102"]
[EventDate "2018.??.??"]
[EventCountry "RUS"]
[SourceTitle "playchess.com"]
[Source "ChessBase"]
[SourceQuality "1"]

{[%evp 19,102,9,14,18,64,56,57,52,7,0,8,13,123,-8,-15,-28,-12,-12,-10,-14,-10,-20,-8,0,0,-12,0,0,0,-23,0,0,0,0,0,0,0,-42,-48,-56,-61,-65,-72,-77,-65,-47,-44,-92,-90,-91,-88,-89,-72,-72,-81,-72,-87,-75,-67,-94,-112,-145,-131,-185,-170,-270,-239,-297,-269,-291,-288,-308,-291,-787,-764,-1041,-873,-1746,-1758,-1694,-1407,-1490,-1272,-1523,-786]} 1. d4 f5 2. Nf3 Nf6 3. c4 g6 4. Nc3 Bg7 5. g3 O-O 6. Bg2 d6 7. O-O c6 8. b3 Na6 9. Bb2 Qc7 10. Re1 {A88: Dutch Defence: Leningrad System: 5 Nf3 0-0 6 0-0 d6 7 Nc3 c6} (10. d5 e5 11. dxe6 Bxe6 12. Nd4 Bd7 13. Qc2 f4 14. Rad1 fxg3 15. hxg3 Rae8 16. Nf3 Nc5 17. b4 Bf5 18. Qd2 Nce4 19. Nxe4 Nxe4 {½-½ (40) Romanov,E (2626)-Fedoseev,V (2718) St Petersburg 2017}) 10... e5 {LiveBook: 3 Games} 11. e4 exd4 12. Nxd4 {White is slightly better.} f4 $146 ({Predecessor:} 12... fxe4 13. Nxe4 Nxe4 14. Rxe4 Nc5 15. Re1 Qf7 16. Qd2 Nd3 17. Qxd3 Qxf2+ {½-½ (35) Ulvila,I-Suopajaervi,A Finland 1988}) 13. gxf4 Nh5 14. Nce2 Qf7 15. Qd2 Bg4 {[#]} (15... Nxf4 $11 {remains equal.} 16. Qxf4 Qxf4 17. Nxf4 Rxf4) 16. h3 ({White should try} 16. f5 $1 $16 {aiming for f3.} Bxe2 17. Rxe2) 16... Bxe2 $1 $11 17. Nxe2 {With the idea Bxg7.} Bxb2 18. Qxb2 Nxf4 19. Nxf4 Qxf4 20. Rad1 Rae8 {[%cal Ba8e8,Be8e6,Be6f6][%mdl 32]} 21. Qd2 Re6 22. Re2 Qh4 23. Qe3 Ref6 24. Qg3 Qxg3 (24... Qh5 {looks sharper.} 25. Qg4 Qe5 26. Red2 Nc7 27. Qd7 R8f7) 25. fxg3 Re8 26. Rf2 Ree6 27. Rxf6 Rxf6 {[%mdl 4096] Endgame KRB-KRN} 28. Re1 Nc5 29. Re3 a5 30. a3 Nd7 31. b4 axb4 32. axb4 Ne5 33. Rc3 Kf7 34. c5 Ke7 35. h4 Rf8 36. Ra3 dxc5 37. bxc5 Kd7 38. Bh3+ Kc7 39. Kg2 Rd8 40. Be6 Rd2+ 41. Kh3 {[#]} (41. Kf1 $17) 41... Rc2 $1 $19 42. Ra8 (42. Ra5 $142) 42... Rxc5 43. h5 Kd6 44. Bg8 gxh5 45. Bxh7 b5 {[%cal Bb7b5,Bb5b4,Bb4b3,Bb3b2][%mdl 32]} 46. Bf5 $2 (46. Bg8) 46... b4 {Black is clearly winning.} 47. Kh4 b3 48. Rd8+ Ke7 49. Rd1 b2 50. Rb1 Rc2 51. Kxh5 Kf6 {Precision: White = 40%, Black = 73%.} 0-1